000 01671nam0a2200289 4500
001 RU\NLR\BIBL_A\021984609
005 20250625074119.0
010 _91000
035 _a(NLR Aleph) 021984609
090 _a13316496
_c13316496
100 _a20230720d1954 |||y0rusy50 ca
101 0 _adar
102 _aRU
105 _ay z 000 y
181 0 _ai
_baxxe
182 0 _an
200 1 _aКьулала фермализибси дила хIянчила опыт
_eЦехIнабяхъибси Лазарева П. А., урус мезличибад шурбатурси Махямадов М. И.
_fАхIмадова Салимат
_gДАССР-ла шила хозяйствола Министерство. Шила хозяйствола пропагандала ва гIилму-ахтардила учреждениебала Управление/ Мин-во сельск. хоз-ва ДАССР. Управление учреждениями пропаганды и науки сельского хозяйства
203 _aТекст
_bвизуальный
_cнепосредственный
210 _aМахачкала
_cДагкнигоиздат
_d1954
215 _a8,[1] с
_d20
541 1 _aМой опыт работы на молочно-товарной ферме колхоза
_eСост. Лазарева П. А., пер. на рус. яз. Махямадов М. И.
_zrus
686 1 _aП5(2=Дар)7-4
700 1 _aАхмадова
_bС.
_cдоярка колхоза им. Сталина Гунибского р-на с.Чох
_gСалимат
_4070
852 _aNLR
_bОНЛ
_jДарг./2-452
942 _cBOOK
980 _aNB